000
00338nam a2200157Ia 4500
003
IT-RoPAU
008
120407s9999 xx 000 0 und d
040
_a
IT-RoPAU
040
_c
IT-RoPAU
100
_a
Alec Mellor
245
_a
Nos frères séparés Les granc-macons
260
_a
Mame
300
_c
cm
490
_v
1
942
_c
BK
999
_c
7940
_d
7940